[Event "ICS Rated blitz match, 192.231"]
[Site "ICS Rated blitz match, 192.23"]
[Date "1997.??.??"]
[Round "?"]
[White "Brause"]
[Black "imbecile"]
[Result "1-0"]
[WhiteElo "2525"]
[BlackElo "1970"]
[PlyCount "61"]

1. e4 e6 2. d4 d5 3. c4 dxe4 4. Nc3 Nf6 5. f3 exf3 6. Nxf3 Be7
7. Bd3 Nbd7 8. O-O O-O 9. Bf4 c5 10. d5 exd5 11. cxd5 Re8 12. d6 Bf8
13. Qb3 Nb6 14. Ng5 Be6 15. Nxe6 fxe6 16. Bb5 c4 17. Qc2 Nbd7 18. Rad1 a6
19. Bxc4 Rc8 20. Qe2 Kh8 21. Rf2 b5 22. Bb3 Qb6 23. Bc2 Nc5 24. b4 Ncd7
25. Rd3 e5 26. Bg5 e4 27. Re3 Bxd6 28. Nxe4 Nxe4 29. Rxe4 Rxe4
30. Qxe4 Rf8 31. Qxh7+ 1-0

[Event "ICS rated blitz match, 192.231"]
[Site "ICS rated blitz match, 192.23"]
[Date "1997.??.??"]
[Round "?"]
[White "Brause"]
[Black "imbecile"]
[Result "1-0"]
[WhiteElo "2530"]
[BlackElo "1965"]
[PlyCount "71"]

1. e4 e6 2. d4 d5 3. c4 dxe4 4. Nc3 Bb4 5. Be3 Bxc3+ 6. bxc3 c5
7. Qg4 Nf6 8. Qxg7 Rg8 9. Qh6 Rg6 10. Qf4 Qa5 11. Ne2 Nc6 12. Bd2 Qd8
13. Qe3 Kf8 14. dxc5 Qe7 15. Nf4 Rg7 16. Be2 Bd7 17. Rb1 Rb8 18. O-O Kg8
19. Rfe1 Kh8 20. a4 Ng4 21. Qxe4 f5 22. Qd3 Qxc5 23. Bxg4 fxg4
24. Nxe6 Bxe6 25. Rxe6 Rd8 26. Qxd8+ Nxd8 27. Re8+ Rg8 28. Be3 Qxc4
29. Bd4+ Qxd4 30. Rxg8+ Kxg8 31. cxd4 Kf7 32. Re1 Ne6 33. d5 Nd8
34. d6 h5 35. d7 Ne6 36. Rxe6 1-0

[Event "ICS rated blitz match, 192.231"]
[Site "ICS rated blitz match, 192.23"]
[Date "1997.??.??"]
[Round "?"]
[White "Brause"]
[Black "F22"]
[Result "1-0"]
[WhiteElo "2560"]
[BlackElo "2015"]
[PlyCount "51"]

1. e4 e6 2. d4 d5 3. c4 c5 4. cxd5 exd5 5. Nc3 cxd4 6. Qxd4 dxe4
7. Qxd8+ Kxd8 8. Bc4 Bf5 9. Bxf7 Bb4 10. Ne2 Nf6 11. Bg5 Nd7 12. O-O h6
13. Nd5 hxg5 14. Nxb4 Rc8 15. Nd4 Rf8 16. Nxf5 Rxf7 17. Nd6 Re7
18. Nxc8 Kxc8 19. Rac1+ Kd8 20. Rfd1 Ke8 21. Nd5 Nxd5 22. Rxd5 e3
23. fxe3 Rxe3 24. Rc8+ Ke7 25. Rc7 Re1+ 26. Kf2 1-0

[Event "ICS Rated standard match, 192."]
[Site "ICS Rated standard match, 192"]
[Date "1997.??.??"]
[Round "?"]
[White "Brause"]
[Black "Pawnmower"]
[Result "0-1"]
[WhiteElo "2365"]
[BlackElo "1950"]
[PlyCount "122"]

1. e4 e6 2. d4 d5 3. c4 dxe4 4. Nc3 Nf6 5. f3 exf3 6. Nxf3 Bb4
7. Bg5 O-O 8. a3 Be7 9. Be2 c5 10. dxc5 Bxc5 11. Qxd8 Rxd8 12. Ne4 Be7
13. O-O Nc6 14. Nxf6+ Bxf6 15. Bxf6 gxf6 16. Rfd1 Bd7 17. Rd6 Be8
18. c5 Rxd6 19. cxd6 Rd8 20. Rd1 a6 21. Ne1 Na7 22. Bf3 Bc6 23. Bxc6 Nxc6
24. Nc2 Rd7 25. Ne3 Na7 26. a4 Nc8 27. a5 Rxd6 28. Rxd6 Nxd6 29. Kf2 Kg7
30. Ke2 f5 31. Kd3 Kf6 32. Kd4 Ke7 33. b3 f6 34. g3 Kd7 35. Kc5 Kc7
36. Ng2 Ne4+ 37. Kc4 Kc6 38. Nf4 e5 39. Nh5 Nd6+ 40. Kd3 Ne8 41. Kc4 e4
42. h3 e3 43. Nf4 Nd6+ 44. Kd3 Kb5 45. Kxe3 Kxa5 46. Nd5 Ne4 47. g4 fxg4
48. Kxe4 gxh3 49. Kf3 Kb5 50. Kg3 Kc5 51. Nxf6 Kb4 52. Nxh7 Kxb3
53. Nf6 a5 54. Nd7 b5 55. Nc5+ Kc2 56. Ne6 Kc3 57. Nc7 b4 58. Nb5+ Kd3
59. Kxh3 a4 60. Nc7 b3 61. Nb5 Kd2 0-1

[Event "ICS Rated blitz match, 192.231"]
[Site "ICS Rated blitz match, 192.23"]
[Date "1997.??.??"]
[Round "?"]
[White "Brause"]
[Black "evbad"]
[Result "1-0"]
[WhiteElo "2555"]
[BlackElo "2330"]
[PlyCount "33"]

1. e4 e6 2. d4 d5 3. c4 dxe4 4. Nc3 Nf6 5. f3 exf3 6. Nxf3 Be7
7. Bd3 O-O 8. O-O b6 9. Be3 Bb7 10. Qe2 Nbd7 11. Rad1 c5 12. dxc5 bxc5
13. Ng5 h6 14. Nge4 Qb6 15. Bf4 Nxe4 16. Bxe4 Bxe4 17. Rxd7 1-0

[Event "ICS Rated blitz match, 192.231"]
[Site "ICS Rated blitz match, 192.23"]
[Date "1997.??.??"]
[Round "?"]
[White "Brause"]
[Black "evbad"]
[Result "1-0"]
[WhiteElo "2565"]
[BlackElo "2320"]
[PlyCount "93"]

1. e4 e6 2. d4 d5 3. c4 dxe4 4. Nc3 Nf6 5. f3 exf3 6. Nxf3 Bb4
7. Be2 O-O 8. O-O b6 9. Bg5 Bb7 10. Ne5 Be7 11. Bf3 c6 12. Qd3 Nfd7
13. Bf4 Nxe5 14. Bxe5 Nd7 15. Bf4 Qc8 16. Rab1 c5 17. d5 e5 18. Qe2 Bd6
19. Be3 Nf6 20. b3 a6 21. Qd3 Qc7 22. Ne4 Nxe4 23. Bxe4 h6 24. Rb2 Bc8
25. Rbf2 Qe7 26. Bg6 f6 27. Qe4 Bd7 28. Rd2 Kh8 29. Bf5 Bxf5 30. Rxf5 Rae8
31. Rf3 Qf7 32. Rf5 Qg6 33. b4 Qh7 34. bxc5 bxc5 35. Rb2 Rb8 36. Bc1 Rxb2
37. Bxb2 Rb8 38. Bc3 Qg6 39. Rxe5 Qxe4 40. Rxe4 Rb1+ 41. Re1 Rxe1+
42. Bxe1 g5 43. g4 Kg7 44. Bg3 Bxg3 45. hxg3 f5 46. gxf5 Kf6 47. g4 1-0

[Event "ICS rated blitz match, 192.231"]
[Site "ICS rated blitz match, 192.23"]
[Date "1997.??.??"]
[Round "?"]
[White "Brause"]
[Black "Jochen"]
[Result "1-0"]
[WhiteElo "2585"]
[BlackElo "2010"]
[PlyCount "59"]

1. e4 e6 2. d4 d5 3. c4 dxe4 4. Nc3 Nf6 5. f3 exf3 6. Nxf3 Be7
7. Bd3 O-O 8. O-O c5 9. d5 exd5 10. cxd5 Bg4 11. Qb3 Qc7 12. Bg5 Nbd7
13. Rae1 Bd6 14. Nb5 Qb6 15. Nxd6 Qxd6 16. Qxb7 Bxf3 17. Rxf3 Ne5
18. Rxe5 Qxe5 19. Bxf6 gxf6 20. Rf2 Rad8 21. Bc4 Qd4 22. b3 Rfe8
23. g3 Re1+ 24. Kg2 Qe4+ 25. Kh3 Qe5 26. Qxa7 Rg1 27. Rf4 Qh5+
28. Rh4 Qf5+ 29. Rg4+ Kf8 30. Qxc5+ 1-0

[Event "ICS rated blitz match, 192.231"]
[Site "ICS rated blitz match, 192.23"]
[Date "1997.??.??"]
[Round "?"]
[White "Brause"]
[Black "Jochen"]
[Result "1-0"]
[WhiteElo "2585"]
[BlackElo "2010"]
[PlyCount "23"]

1. e4 e6 2. d4 d5 3. c4 dxe4 4. Nc3 Nf6 5. f3 exf3 6. Nxf3 c5 7. d5 exd5
8. cxd5 Be7 9. Bb5+ Bd7 10. d6 Bxb5 11. Nxb5 Qa5+ 12. Nc3 1-0

[Event "ICS rated blitz match, 192.231"]
[Site "ICS rated blitz match, 192.23"]
[Date "1997.??.??"]
[Round "?"]
[White "Brause"]
[Black "Jochen"]
[Result "1-0"]
[WhiteElo "2585"]
[BlackElo "2010"]
[PlyCount "57"]

1. e4 e6 2. d4 d5 3. c4 dxe4 4. Nc3 Nf6 5. f3 exf3 6. Nxf3 Be7
7. Bd3 O-O 8. O-O b6 9. Be3 Bb7 10. Qe2 Nbd7 11. Rad1 Qc8 12. d5 exd5
13. cxd5 Re8 14. Bc4 Bc5 15. Nd4 Ne5 16. Bb5 c6 17. dxc6 Nxc6 18. Qf2 Rxe3
19. Bxc6 Re7 20. Bxb7 Qxb7 21. Rd2 Rd8 22. Kh1 Red7 23. Rfd1 Ne4
24. Nxe4 Qxe4 25. Re1 Qd5 26. Red1 Qe5 27. Re1 Bxd4 28. Rxe5 Bxf2
29. Rxd7 1-0

[Event "ICS rated blitz match, 192.231"]
[Site "ICS rated blitz match, 192.23"]
[Date "1997.??.??"]
[Round "?"]
[White "Brause"]
[Black "Jochen"]
[Result "1-0"]
[WhiteElo "2585"]
[BlackElo "2010"]
[PlyCount "71"]

1. e4 e6 2. d4 d5 3. c4 dxe4 4. Nc3 Nf6 5. f3 exf3 6. Nxf3 b6 7. Bg5 Be7
8. Bd3 Bb7 9. O-O Nbd7 10. Qe2 O-O 11. a3 c5 12. Be3 cxd4 13. Nxd4 Nc5
14. Rad1 Nxd3 15. Qxd3 a6 16. Bf4 Rc8 17. a4 Bc5 18. Rd2 Nd7 19. Qe3 Qe7
20. Re1 Rfe8 21. Be5 f6 22. Bf4 e5 23. Qh3 Qf7 24. Red1 exd4 25. Na2 a5
26. b3 Ne5 27. Kh1 Ng6 28. Bg3 Re3 29. Nc1 Nf4 30. Qh4 Nxg2 31. Rxg2 Bxg2+
32. Kxg2 d3 33. Rxd3 Rxd3 34. Nxd3 Qg6 35. Nxc5 Rxc5 36. Qd4 1-0

[Event "ICS rated blitz match, 192.231"]
[Site "ICS rated blitz match, 192.23"]
[Date "1997.??.??"]
[Round "?"]
[White "Brause"]
[Black "Jochen"]
[Result "1-0"]
[WhiteElo "2625"]
[BlackElo "2005"]
[PlyCount "33"]

1. e4 e6 2. d4 d5 3. c4 dxe4 4. Nc3 Nf6 5. f3 exf3 6. Nxf3 Bb4
7. Be2 O-O 8. O-O c5 9. Be3 cxd4 10. Qxd4 Nc6 11. Qxd8 Rxd8 12. Rad1 Bd7
13. Nb5 a6 14. Nd6 Bxd6 15. Rxd6 Ne4 16. Rdd1 Ne7 17. Bb6 1-0

[Event "ICS rated blitz match, 164.58."]
[Site "ICS rated blitz match, 164.58"]
[Date "1997.??.??"]
[Round "?"]
[White "Brause"]
[Black "kastle"]
[Result "1-0"]
[WhiteElo "2290"]
[BlackElo "2645"]
[PlyCount "33"]

1. e4 e6 2. d4 d5 3. c4 c5 4. cxd5 exd5 5. Nc3 dxe4 6. Bc4 Bf5
7. Qa4+ Nc6 8. d5 Bd7 9. dxc6 Bxc6 10. Bb5 Qd7 11. Bxc6 Qxc6 12. Qxc6+ bxc6
13. Nxe4 Rd8 14. Bd2 Ne7 15. Nf3 Nf5 16. Ba5 Rd5 17. Nc3 1-0

[Event "ICS rated blitz match, 164.58."]
[Site "ICS rated blitz match, 164.58"]
[Date "1997.??.??"]
[Round "?"]
[White "Brause"]
[Black "Peri"]
[Result "1-0"]
[WhiteElo "2310"]
[BlackElo "1730"]
[PlyCount "37"]

1. e4 e6 2. d4 d5 3. c4 dxc4 4. Bxc4 c5 5. Be3 Nc6 6. d5 Ne5 7. Nf3 Nxc4
8. Qa4+ Bd7 9. Qxc4 b5 10. Qc2 exd5 11. exd5 Rc8 12. O-O Bd6 13. Nc3 Ne7
14. Ng5 h6 15. Nge4 Qc7 16. Nxd6+ Qxd6 17. Ne4 Qxd5 18. Rad1 Qc4
19. Nd6+ 1-0

[Event "ICS rated blitz match, 164.58."]
[Site "ICS rated blitz match, 164.58"]
[Date "1997.??.??"]
[Round "?"]
[White "Brause"]
[Black "DupontCircle"]
[Result "1-0"]
[WhiteElo "2315"]
[BlackElo "1755"]
[PlyCount "39"]

1. e4 e6 2. d4 d5 3. c4 dxe4 4. Nc3 Bb4 5. Be3 Nc6 6. d5 exd5 7. cxd5 Bxc3+
8. bxc3 Ne5 9. Qd4 Qd6 10. Bf4 Nd3+ 11. Bxd3 Qxf4 12. Ne2 Qf6 13. Qxe4+ Ne7
14. O-O Bf5 15. Qa4+ c6 16. Bxf5 Qxf5 17. d6 Nd5 18. Ng3 Nxc3 19. Qb4 Nb5
20. Nxf5 1-0

[Event "ICS Rated blitz match, 192.231"]
[Site "ICS Rated blitz match, 192.23"]
[Date "1997.??.??"]
[Round "?"]
[White "Brause"]
[Black "DABA"]
[Result "1-0"]
[WhiteElo "2490"]
[BlackElo "2165"]
[PlyCount "77"]

1. e4 e6 2. d4 d5 3. c4 dxe4 4. Nc3 Bb4 5. Be3 Nf6 6. Qc2 Bxc3+
7. Qxc3 O-O 8. Nh3 Nc6 9. O-O-O Qe7 10. Bf4 Qb4 11. Qxb4 Nxb4 12. Bxc7 a5
13. Bd6 Rd8 14. Be7 Rd7 15. Bxf6 gxf6 16. Nf4 Nxa2+ 17. Kb1 Nb4
18. Nh5 Rc7 19. Nxf6+ Kg7 20. Ne8+ Kf8 21. Nxc7 Rb8 22. Nb5 Bd7
23. Nc3 a4 24. Nxe4 Ke7 25. d5 Ra8 26. d6+ Kd8 27. Ng5 a3 28. Nxf7+ Ke8
29. bxa3 Ra4 30. Ng5 Rxa3 31. Nxh7 Ba4 32. Rd2 Rc3 33. Nf6+ Kf7
34. d7 Bxd7 35. Nxd7 Ke7 36. Kb2 Rc2+ 37. Rxc2 Nxc2 38. Kxc2 Kxd7
39. Bd3 1-0

[Event "ICS rated blitz match, 192.231"]
[Site "ICS rated blitz match, 192.23"]
[Date "1997.??.??"]
[Round "?"]
[White "Brause"]
[Black "DABA"]
[Result "0-1"]
[WhiteElo "2495"]
[BlackElo "2160"]
[PlyCount "72"]

1. e4 e6 2. d4 d5 3. c4 dxe4 4. Nc3 Nf6 5. f3 exf3 6. Nxf3 Be7
7. Bd3 O-O 8. O-O c5 9. d5 exd5 10. cxd5 Bg4 11. Qb3 Nbd7 12. Qxb7 Bxf3
13. Rxf3 Ne5 14. Rh3 Nxd3 15. Rxd3 c4 16. Rd1 Bc5+ 17. Kh1 Ng4
18. Ne4 Qh4 19. h3 Bd6 20. Qc6 Nf2+ 21. Nxf2 Qg3 22. Kg1 Rac8 23. Qa4 Rfe8
24. Rb1 Re2 25. Be3 Qxe3 26. Qxa7 Qxa7 27. Rf1 Bg3 28. Kh1 Rxf2
29. a3 g6 30. a4 c3 31. Rxf2 Qxf2 32. bxc3 Rxc3 33. d6 Re3 34. Rb8+ Kg7
35. Rg8+ Kxg8 36. h4 Re1+ 0-1

[Event "ICS Rated blitz match, 192.231"]
[Site "ICS Rated blitz match, 192.23"]
[Date "1997.??.??"]
[Round "?"]
[White "Brause"]
[Black "PET"]
[Result "1-0"]
[WhiteElo "2480"]
[BlackElo "1995"]
[PlyCount "128"]

1. e4 e6 2. d4 d5 3. c4 dxe4 4. Nc3 Nf6 5. f3 e3 6. Bxe3 Be7 7. Bd3 O-O
8. Nge2 Nbd7 9. O-O c5 10. Rc1 b6 11. a3 Bb7 12. Qd2 Rc8 13. Rfd1 cxd4
14. Bxd4 Nc5 15. Bxf6 Bxf6 16. Bxh7+ Kh8 17. Qe3 Qe7 18. Bc2 Rfd8
19. Nd4 Kg8 20. b4 Nd7 21. Qd3 g6 22. f4 Nf8 23. Nce2 e5 24. fxe5 Bxe5
25. Qc3 Qf6 26. Rd3 Be4 27. Rd2 Bxc2 28. Rcxc2 Ne6 29. Qf3 Nxd4
30. Qxf6 Bxf6 31. Nxd4 Bxd4+ 32. Kf1 Bf6 33. Rxd8+ Rxd8 34. c5 bxc5
35. bxc5 Kf8 36. c6 Rc8 37. Kf2 Ke7 38. Rc4 Kd6 39. Rf4 Ke5 40. Ra4 Rxc6
41. Rxa7 Rc2+ 42. Kf3 Kf5 43. a4 Rc3+ 44. Ke2 Ke4 45. Rxf7 Be5
46. h3 Rc2+ 47. Kf1 Ke3 48. Rf3+ Ke4 49. Rf7 Bd4 50. g3 Kd3 51. Rf3+ Be3
52. Rf6 Rc1+ 53. Kg2 Ra1 54. Ra6 Ra2+ 55. Kf3 Bd4 56. h4 Ra3 57. Kf4 Kc4
58. Rxg6 Rxa4 59. g4 Kd3 60. Rd6 Kc3 61. Kf3 Bc5 62. Rd1 Rd4 63. Rc1+ Kb4
64. h5 Bd6 1-0

[Event "ICS Rated blitz match, 208.196"]
[Site "ICS Rated blitz match, 208.19"]
[Date "1997.??.??"]
[Round "?"]
[White "Brause"]
[Black "Svetozar"]
[Result "1-0"]
[WhiteElo "2470"]
[BlackElo "2130"]
[PlyCount "20"]

1. e4 e6 2. d4 d5 3. c4 dxe4 4. Nc3 Nf6 5. f3 exf3 6. Nxf3 Bb4
7. Be2 b6 8. Qa4+ Bd7 9. Qxb4 Nc6 10. Qa3 Na5 1-0

[Event "ICS Rated Blitz match, 131.246"]
[Site "ICS Rated Blitz match, 131.24"]
[Date "1997.??.??"]
[Round "?"]
[White "Brause"]
[Black "Oren"]
[Result "1-0"]
[WhiteElo "2220"]
[BlackElo "1780"]
[PlyCount "83"]

1. e4 e6 2. d4 d5 3. c4 dxe4 4. Nc3 Nf6 5. f3 exf3 6. Nxf3 Bb4
7. Be2 O-O 8. O-O c5 9. Bg5 Nc6 10. d5 exd5 11. Nxd5 h6 12. Nxf6+ gxf6
13. Bxh6 Qxd1 14. Bxd1 Rd8 15. Bf4 Be6 16. Rc1 Rd7 17. Ba4 Rad8
18. a3 Ba5 19. Bxc6 bxc6 20. h4 Bf5 21. Be3 Bb6 22. Nh2 Rd3 23. Rxf5 Rxe3
24. Rxf6 Re2 25. Rcf1 Rxb2 26. Rxf7 Rdd2 27. R7f2 Rxf2 28. Rxf2 Rb3
29. Rf3 Rb1+ 30. Nf1 Rc1 31. Rf4 Rc3 32. Rg4+ Kh7 33. Re4 Rxa3
34. Re6 Rc3 35. Ne3 Ba5 36. g3 Bb4 37. Kf2 a5 38. g4 a4 39. g5 a3
40. g6+ Kg7 41. Nf5+ Kg8 42. Re8+ 1-0

[Event "ICS Rated Blitz match, 131.246"]
[Site "ICS Rated Blitz match, 131.24"]
[Date "1997.??.??"]
[Round "?"]
[White "Brause"]
[Black "Kulio"]
[Result "1-0"]
[WhiteElo "2260"]
[BlackElo "2220"]
[PlyCount "99"]

1. e4 e6 2. d4 d5 3. c4 c6 4. cxd5 cxd5 5. e5 Nc6 6. Nf3 Bd7 7. Nc3 Rc8
8. Be2 Nge7 9. O-O Nf5 10. Nb5 a6 11. g4 Nh4 12. Nxh4 Qxh4 13. Nc3 h5
14. Bf4 hxg4 15. Bxg4 Nxd4 16. Bg3 Qg5 17. Nxd5 Bc5 18. b4 Ba7
19. Bf4 Qg6 20. Ne3 Bc6 21. Rc1 Nf3+ 22. Qxf3 Bxf3 23. Rxc8+ Kd7
24. Rxh8 Bxe3 25. fxe3 Qxg4+ 26. Bg3 Qe4 27. h4 Qxe3+ 28. Kh2 Qe2+
29. Rf2 Qd1 30. Kh3 Qh1+ 31. Bh2 f5 32. exf6 gxf6 33. Rh7+ Kc6
34. Rh6 f5 35. Rxe6+ Kd7 36. Re5 Be4 37. Rd2+ Kc6 38. b5+ axb5
39. Rf2 b4 40. Re7 Kb6 41. Re6+ Ka5 42. Re5+ b5 43. Rc5 b3 44. axb3 Kb4
45. Rc8 Kxb3 46. Rd8 b4 47. h5 Kc3 48. h6 b3 49. h7 b2 50. h8=Q+ 1-0

[Event "ICS Rated Blitz match, 131.246"]
[Site "ICS Rated Blitz match, 131.24"]
[Date "1997.??.??"]
[Round "?"]
[White "Brause"]
[Black "GiantPanda"]
[Result "1-0"]
[WhiteElo "2280"]
[BlackElo "1635"]
[PlyCount "35"]

1. e4 e6 2. d4 d5 3. c4 dxe4 4. Nc3 Nf6 5. f3 Bb4 6. Qa4+ Nc6 7. a3 Bxc3+
8. bxc3 Bd7 9. Qc2 exf3 10. Nxf3 O-O 11. Bd3 a6 12. O-O g6 13. Qb3 Na5
14. Qb4 b6 15. Bg5 Nc6 16. Qb1 Kg7 17. Ne5 h6 18. Bxf6+ 1-0

[Event "ICS Rated Blitz match, 131.246"]
[Site "ICS Rated Blitz match, 131.24"]
[Date "1997.??.??"]
[Round "?"]
[White "Brause"]
[Black "smithers"]
[Result "1-0"]
[WhiteElo "2285"]
[BlackElo "2000"]
[PlyCount "41"]

1. e4 e6 2. d4 d5 3. c4 dxe4 4. Nc3 Nf6 5. f3 exf3 6. Nxf3 Be7
7. Bd3 c5 8. d5 exd5 9. cxd5 O-O 10. O-O Bg4 11. Qb3 Qb6 12. Qxb6 axb6
13. Ne5 Bd7 14. Re1 Re8 15. Bg5 h6 16. Bd2 Na6 17. Nxd7 Nxd7 18. Bb5 Rad8
19. Bf4 Kf8 20. Na4 Nab8 21. Bxb8 1-0

[Event "ICS Rated Blitz match, 131.246"]
[Site "ICS Rated Blitz match, 131.24"]
[Date "1997.??.??"]
[Round "?"]
[White "Brause"]
[Black "smithers"]
[Result "1-0"]
[WhiteElo "2290"]
[BlackElo "1995"]
[PlyCount "67"]

1. e4 e6 2. d4 d5 3. c4 dxe4 4. Nc3 Nf6 5. f3 exf3 6. Nxf3 Be7
7. Bd3 O-O 8. O-O b6 9. Be3 Bb7 10. Qe2 Nbd7 11. Rad1 Qc8 12. d5 exd5
13. cxd5 Bc5 14. Bxc5 Nxc5 15. Ne5 Nxd3 16. Qxd3 Qd8 17. Rfe1 Qd6
18. Qc4 Rad8 19. Nc6 Bxc6 20. dxc6 Qc5+ 21. Qxc5 bxc5 22. Rxd8 Rxd8
23. Re7 g6 24. Rxc7 Rd6 25. Rc8+ Kg7 26. c7 Rc6 27. Kf2 h5 28. Kf3 Ne8
29. Rxe8 Rxc7 30. Nd5 Rb7 31. b3 a5 32. Ra8 c4 33. bxc4 Rb2 34. Rxa5 1-0

[Event "ICS Rated Blitz match, 131.246"]
[Site "ICS Rated Blitz match, 131.24"]
[Date "1997.??.??"]
[Round "?"]
[White "Brause"]
[Black "Quendulin"]
[Result "1-0"]
[WhiteElo "2280"]
[BlackElo "2000"]
[PlyCount "77"]

1. e4 e6 2. d4 d5 3. c4 dxe4 4. Nc3 Nf6 5. f3 Bb4 6. Qa4+ Nc6 7. a3 Bxc3+
8. bxc3 Bd7 9. Qc2 exf3 10. Nxf3 O-O 11. Bd3 h6 12. O-O Ne7 13. Ne5 Nf5
14. Nxd7 Qxd7 15. Bxf5 exf5 16. Rxf5 Qe6 17. Bf4 c6 18. Rb1 b6
19. Qd3 Rfe8 20. Be5 Nd7 21. Re1 Nxe5 22. Rexe5 Qg6 23. Qf3 Rxe5
24. Rxe5 Qb1+ 25. Kf2 Qc2+ 26. Kg3 Qg6+ 27. Kh3 Rd8 28. Qe4 Qxe4
29. Rxe4 Kf8 30. Kg3 g6 31. Kf4 f5 32. Re6 Kf7 33. Rxc6 Re8 34. Rc7+ Kf6
35. Rxa7 g5+ 36. Kf3 f4 37. Rb7 Re3+ 38. Kg4 h5+ 39. Kxh5 1-0

[Event "ICS rated blitz match, 131.246"]
[Site "ICS rated blitz match, 131.24"]
[Date "1997.??.??"]
[Round "?"]
[White "Brause"]
[Black "Quendulin"]
[Result "1-0"]
[WhiteElo "2270"]
[BlackElo "2010"]
[PlyCount "91"]

1. e4 e6 2. d4 d5 3. c4 dxe4 4. Nc3 Nf6 5. f3 exf3 6. Nxf3 b6 7. Bd3 Bb7
8. Be3 Bb4 9. O-O Bxc3 10. bxc3 Nbd7 11. Qc2 Qe7 12. Rad1 O-O-O
13. Qa4 Kb8 14. Bf4 Nh5 15. Bg5 f6 16. Bc1 g5 17. Qb5 a6 18. Qb3 Nf4
19. Bxf4 gxf4 20. c5 Rhg8 21. Ne1 e5 22. cxb6 Nxb6 23. Bf5 Rg5
24. Qc2 Rdg8 25. Be4 f5 26. Bxb7 Kxb7 27. Qe2 e4 28. Rxf4 Qa3 29. c4 Qd6
30. Rxf5 Rxf5 31. Qxe4+ Ka7 32. Qxf5 Nxc4 33. Qxh7 Rd8 34. Nf3 Ne3
35. Re1 Ng4 36. Qg7 Nf6 37. Re6 Qxe6 38. Qxc7+ Ka8 39. Qxd8+ Kb7
40. Ne5 Qxa2 41. Qe7+ Kb8 42. Nc6+ Kc8 43. Qd8+ Kb7 44. Na5+ Ka7
45. Qc7+ Ka8 46. Qb7+ 1-0

[Event "ICS rated blitz match, 208.196"]
[Site "ICS rated blitz match, 208.19"]
[Date "1997.??.??"]
[Round "?"]
[White "Brause"]
[Black "brazilian"]
[Result "1-0"]
[WhiteElo "2580"]
[BlackElo "2160"]
[PlyCount "43"]

1. e4 e6 2. d4 d5 3. c4 dxe4 4. Nc3 Nf6 5. f3 c5 6. d5 exf3 7. Nxf3 exd5
8. cxd5 Bg4 9. Bb5+ Nbd7 10. O-O Bd6 11. Qe1+ Qe7 12. Qxe7+ Kxe7
13. Bg5 h6 14. Bxd7 Kxd7 15. Bxf6 gxf6 16. Nd2 Be5 17. h3 Bh5 18. Nde4 Bd4+
19. Kh2 Be5+ 20. g3 Ke7 21. Rae1 Rhg8 22. Nxf6 1-0

[Event "ICS Rated Blitz match, 131.246"]
[Site "ICS Rated Blitz match, 131.24"]
[Date "1997.??.??"]
[Round "?"]
[White "Brause"]
[Black "PowB"]
[Result "1-0"]
[WhiteElo "2270"]
[BlackElo "2850"]
[PlyCount "87"]

1. e4 e6 2. d4 d5 3. c4 Bb4+ 4. Nc3 dxe4 5. Be3 Nd7 6. Qg4 Ngf6
7. Qxg7 Rg8 8. Qh6 c5 9. a3 Rg6 10. Qf4 cxd4 11. Bxd4 Rg4 12. Qe3 Qa5
13. h3 Rg5 14. O-O-O Bxc3 15. Bxc3 Qc5 16. Bd4 Qa5 17. b4 Qf5 18. g4 Qg6
19. f4 exf3 20. Nxf3 Qe4 21. Qxe4 Nxe4 22. Bd3 a6 23. Bxe4 Rg8
24. Bxh7 Rf8 25. Bg7 a5 26. b5 b6 27. Be4 Rg8 28. Bxa8 Rxg7 29. Rd6 a4
30. Bc6 Ke7 31. Bxd7 Bxd7 32. Rhd1 Bc8 33. Rd8 f5 34. Rxc8 fxg4
35. Rc7+ Kf6 36. Rxg7 Kxg7 37. c5 gxf3 38. cxb6 f2 39. b7 f1=Q
40. Rxf1 e5 41. b8=Q e4 42. Qf8+ Kh7 43. Rg1 e3 44. Qg7+ 1-0

[Event "ICS Rated blitz match, 208.196"]
[Site "ICS Rated blitz match, 208.19"]
[Date "1997.??.??"]
[Round "?"]
[White "Brause"]
[Black "dltorre"]
[Result "1-0"]
[WhiteElo "2600"]
[BlackElo "2080"]
[PlyCount "41"]

1. e4 e6 2. d4 d5 3. c4 dxc4 4. Bxc4 c5 5. Be3 cxd4 6. Qxd4 Qxd4
7. Bxd4 Nc6 8. Nf3 Nxd4 9. Nxd4 Bb4+ 10. Nc3 Bd7 11. Rc1 Ne7 12. O-O O-O
13. Rfd1 Rfd8 14. Ncb5 a6 15. Nc7 Rac8 16. Ncxe6 Bxe6 17. Nxe6 fxe6
18. Bxe6+ Kf8 19. Bxc8 Rxc8 20. Rxc8+ Nxc8 21. Rd8+ 1-0

[Event "ICS Rated Blitz match, 131.246"]
[Site "ICS Rated Blitz match, 131.24"]
[Date "1997.??.??"]
[Round "?"]
[White "Brause"]
[Black "smithers"]
[Result "1-0"]
[WhiteElo "2245"]
[BlackElo "2010"]
[PlyCount "133"]

1. e4 e6 2. d4 d5 3. c4 dxe4 4. Nc3 Bb4 5. Be3 Nf6 6. Ne2 O-O 7. a3 Be7
8. Ng3 b6 9. Be2 Bb7 10. Qc2 Nbd7 11. Rd1 Qc8 12. O-O a6 13. Ngxe4 Nxe4
14. Nxe4 Nf6 15. Nxf6+ Bxf6 16. d5 exd5 17. cxd5 Qd7 18. Bd3 g6
19. Be4 Rab8 20. Bh6 Rfe8 21. b4 Qd6 22. Rfe1 Rbd8 23. Qc1 Bc8
24. Rd3 Re7 25. Bf4 Be5 26. Bxe5 Rxe5 27. Bf3 Rde8 28. Rde3 Rxe3
29. Rxe3 Rxe3 30. fxe3 Bd7 31. g4 Qe5 32. Kg2 Kg7 33. h4 Kg8 34. Qc4 Kg7
35. Qxa6 Qxe3 36. Qc4 Qe5 37. b5 Qb2+ 38. Be2 Qe5 39. g5 h6 40. gxh6+ Kxh6
41. Kf2 Kg7 42. Kf3 Qf6+ 43. Kg2 Qe5 44. Bf1 Bf5 45. Kf3 Bd7 46. Bd3 Qh2
47. Ke3 Qg3+ 48. Kd2 Qf2+ 49. Be2 Qg3 50. Qd4+ Kg8 51. Bd3 Qd6
52. a4 Qh2+ 53. Kc3 Qd6 54. Kc4 Qh2 55. Kb3 Qd6 56. Kc3 Qh2 57. Qf6 Qd6
58. Qxd6 cxd6 59. Kb4 Kf8 60. a5 bxa5+ 61. Kxa5 Ke8 62. b6 Kd8
63. Ka6 Bc8+ 64. Ka7 Ke7 65. Ba6 Bxa6 66. Kxa6 Kf6 67. b7 1-0

[Event "ICS rated blitz match, 131.246"]
[Site "ICS rated blitz match, 131.24"]
[Date "1997.??.??"]
[Round "?"]
[White "Brause"]
[Black "smithers"]
[Result "1-0"]
[WhiteElo "2235"]
[BlackElo "2020"]
[PlyCount "59"]

1. e4 e6 2. d4 d5 3. c4 dxc4 4. Bxc4 Nf6 5. f3 Bb4+ 6. Nc3 O-O
7. Ne2 c5 8. Be3 cxd4 9. Bxd4 Nc6 10. Bxf6 Qxf6 11. O-O Bc5+ 12. Kh1 a6
13. Qc2 Ba7 14. Rad1 Ne5 15. Bb3 b5 16. Ng3 Bb7 17. Rd6 Rfd8 18. Rfd1 Qe7
19. Rxd8+ Rxd8 20. Nh5 Bb8 21. f4 Ng6 22. Rxd8+ Qxd8 23. g3 Qd4
24. a3 Ne7 25. g4 Ng6 26. f5 exf5 27. gxf5 Ne5 28. Bd5 Ba7 29. Qg2 Bxd5
30. Qxg7+ 1-0